LEADER 02654nam 2200649 450 001 9910465620903321 005 20200520144314.0 010 $a3-486-76383-0 024 7 $a10.1524/9783486763836 035 $a(CKB)2560000000148765 035 $a(EBL)1585384 035 $a(OCoLC)874320090 035 $a(SSID)ssj0001217282 035 $a(PQKBManifestationID)11976820 035 $a(PQKBTitleCode)TC0001217282 035 $a(PQKBWorkID)11202017 035 $a(PQKB)10476982 035 $a(MiAaPQ)EBC1585384 035 $a(DE-B1597)227139 035 $a(OCoLC)1013967240 035 $a(OCoLC)885390071 035 $a(DE-B1597)9783486763836 035 $a(Au-PeEL)EBL1585384 035 $a(CaPaEBR)ebr10861277 035 $a(CaONFJC)MIL783300 035 $a(EXLCZ)992560000000148765 100 $a20140507h20142014 uy 0 101 0 $ager 135 $aur|n|---||||| 181 $ctxt 182 $cc 183 $acr 200 10$aSportdidaktik und Sportpa?dagogik $eein fachdidaktischer Grundriss /$fvon Harald Lange ; Lektorat, Doris Funke ; herstellung, Tina Bonertz 210 1$aMu?nchen, [Germany] :$cOldenbourg Wissenschaftsverlag,$d2014. 210 4$d©2014 215 $a1 online resource (265 p.) 300 $aIncludes index. 311 $a3-486-58703-X 327 $t Frontmatter -- $tVorwort -- $tInhaltsverzeichnis -- $t1 Sportpädagogik -- $t2 Sportdidaktik -- $t3 Anthropologie: Kinder verstehen und förderlich anregen -- $t4 Erfahrung und Erfahrungslernen -- $t5 Wahrnehmungserziehung und ästhetische Bildung -- $t6 Bewegungsspiele -- $t7 Methoden im Sport -- $t8 Felder innovativen Sporttreibens -- $tLiteratur -- $tAbbildungsverzeichnis -- $tStichwortverzeichnis 330 $aStudierende und Referendare aller Lehramtstudiengänge sowie Lehrer aller Schulformen und Schulstufen benötigen für die Planung, Reflexion und Auswertung des Sportunterricht sportdidaktisches und -pädagogisches Orientierungswissen. Dieses Wissen wird in diesem Buch fundiert, strukturiert und leicht verständlich vermittelt. 606 $aPhysical education and training$xMethodology 606 $aSports$xSocial aspects 608 $aElectronic books. 615 0$aPhysical education and training$xMethodology. 615 0$aSports$xSocial aspects. 676 $a613.71 686 $aZX 7200$2rvk 700 $aLange$b Harald$01055078 702 $aFunke$b Doris 702 $aBonertz$b Tina 801 0$bMiAaPQ 801 1$bMiAaPQ 801 2$bMiAaPQ 906 $aBOOK 912 $a9910465620903321 996 $aSportdidaktik und Sportpa?dagogik$92488202 997 $aUNINA LEADER 01469nam0 22003491i 450 001 UON00504558 005 20231205105429.826 010 $a978-88-575-7117-1 100 $a20210114d2019 |0itac50 ba 101 $aita 102 $aIT 105 $a|||| 1|||| 200 1 $aˆI ‰nomi dei Magi evangelici$eUn'indagine storico-religiosa$fAntonio Panaino$gcon contributi di Andrea Gariboldi, Jeffrey Kotyk, Paolo Ognibene e Alessia Zubani 210 $aMilano$cMimesis$d2020 215 $a148 p.$cill.$d20 cm 311 $aIR VII 31 N$9UON00485542 410 0$1001UON00485542$12001 $aIranica et mediterranea$fCollana diretta da Antonio Panaino e Paolo Ognibene$v4 IR VII 31 N 606 $aMAGI EVENGELICI$xONOMASTICA$3UONC097546$2FI 620 $aIT$dMilano$3UONL000005 686 $aIR VII$cIRAN ANTICO - FILOSOFIA E RELIGIONE$2A 700 1$aPanaino$bAntonio$3UONV000090$0477734 702 1$aGARIBOLDI$bAndrea$3UONV153360 702 1$aKotyk$bJeffrey$3UONV284509 702 1$aOgnibene$bPaolo$3UONV163333 702 1$aZubani$bAlessia$3UONV284510 712 $aMimesis$3UONV245946$4650 801 $aIT$bSOL$c20240220$gRICA 899 $aSIBA - SISTEMA BIBLIOTECARIO DI ATENEO$2UONSI 912 $aUON00504558 950 $aSIBA - SISTEMA BIBLIOTECARIO DI ATENEO$dSI IR VII 031 N $eSI 36140 5 031 N 996 $aNomi dei Magi evangelici$91763736 997 $aUNIOR